000
00307nam a22001337a 4500
008
180103b xxu||||| |||| 00| 0 eng d
020
_a
9813083166003
041
_a
eng
080
_a
004
100
_a
30
101
_a
SHK
245
_a
MULTIMEDIA TECHNOLOGY AND APPLICATIONS
_c
CHOW,V.W
942
_2
udc
_c
BK
999
_c
39612
_d
39612